| 000 | 00634nam a22001817a 4500 | ||
|---|---|---|---|
| 999 |
_c166065 _d166065 |
||
| 005 | 20190711173303.0 | ||
| 010 | _aENG-125881 | ||
| 020 |
_a9789353433826 _c699.00 |
||
| 035 | _aEN-109413 | ||
| 037 | _bDBAD/PUB | ||
| 082 | _a610.730 | ||
| 100 | _aParwej, Saroj | ||
| 245 |
_aComplete companion for B.Sc nursing GNM (general nursing and midwifery) : _cby Saroj Parwez |
||
| 260 |
_aNoida _bPearson India Education _c2019 |
||
| 270 |
_a15th Floor, Tower-B World Trade Tower, Plot No. 1 Block- C, Sector-16 _bNoida, Uttar Pradesh _e201301 |
||
| 300 |
_avarious paging. _c25cm(pbk) |
||
| 942 |
_2ddc _cEN _h610.730 _mPAR |
||